Statistics for Five Most Populated Countries in 1950 by Continent

Click here to take the quiz!

General Stats

  • This quiz has been taken 3,612 times
    (3,524 since last reset)
  • The average score is 27 of 30

Answer Stats

ContinentCountry% Correct
AsiaChina
98%
EuropeFrance
98%
EuropeUnited Kingdom
98%
AsiaIndia
97%
North AmericaUnited States
97%
OceaniaAustralia
96%
North AmericaCanada
96%
North AmericaMexico
96%
OceaniaNew Zealand
96%
South AmericaBrazil
95%
AfricaEgypt
94%
EuropeItaly
94%
South AmericaArgentina
93%
AfricaNigeria
92%
South AmericaColombia
91%
South AmericaPeru
90%
AfricaSouth Africa
90%
South AmericaChile
88%
AsiaJapan
88%
OceaniaPapua New Guinea
88%
EuropeSoviet Union
88%
North AmericaCuba
86%
OceaniaFiji
86%
AsiaPakistan
86%
AfricaEthiopia
82%
AfricaDR Congo
81%
North AmericaHaiti
74%
OceaniaSolomon Islands
73%
AsiaBangladesh
71%
EuropeWest Germany
66%

Score Distribution

Percentile by Number Answered

Percent of People with Each Score

Your Score History

You have not taken this quiz since the last reset